[Event "Katowice rapid op"]
[Site "Katowice"]
[Date "2025.05.31"]
[Round "11"]
[White "Orzechowski, Jacek"]
[Black "Plowy, Karol"]
[Result "1-0"]
[WhiteElo "2025"]
[BlackElo "1851"]
[PlyCount "63"]
[EventDate "2025.05.31"]
[EventType "swiss"]
[EventRounds "11"]
[EventCountry "POL"]
[SourceTitle "CB24_2025"]
[SourceDate "2025.06.11"]
[SourceVersion "1"]
[SourceVersionDate "2025.06.11"]
[SourceQuality "1"]

1. c4 e5 2. Nc3 g6 3. d4 Bg7 4. dxe5 Bxe5 5. Nf3 Bg7 6. g3 Ne7 7. Bg2 0-0 8. h4 h5 9. Bg5 d6 10. Qd2 Be6 11. Nd4 c6 12. Nxe6 fxe6 13. Be4 Qd7 14. g4 d5 15. Bc2 hxg4 16. h5 gxh5 17. Rxh5 Nf5 18. 0-0-0 Rf7 19. e4 dxe4 20. Qf4 Nd4 21. Qxe4 Rf5 22. Qxg4 Rxf2 23. Bh7+ Kf8 24. Be3 Qf7 25. Bxd4 Bxd4 26. Qxd4 Qf4+ 27. Qxf4+ Rxf4 28. Rd8+ Ke7 29. Rg8 Rxc4 30. Bd3 Rd4 31. Kc2 Rd8 32. Rh7+ 1-0

[Event "Katowice rapid op"]
[Site "Katowice"]
[Date "2025.05.31"]
[Round "1"]
[White "Orzechowski, Jacek"]
[Black "Zimny, Samuel"]
[Result "1-0"]
[WhiteElo "2025"]
[BlackElo "1583"]
[PlyCount "53"]
[EventDate "2025.05.31"]
[EventType "swiss"]
[EventRounds "11"]
[EventCountry "POL"]
[SourceTitle "CB24_2025"]
[SourceDate "2025.06.11"]
[SourceVersion "1"]
[SourceVersionDate "2025.06.11"]
[SourceQuality "1"]

1. c4 Nf6 2. Nc3 e6 3. e4 c5 4. e5 Ng8 5. Nf3 Nc6 6. d4 cxd4 7. Nxd4 Bc5 8. Nb3 Be7 9. Bf4 a6 10. Qg4 g6 11. 0-0-0 f5 12. Qe2 g5 13. Bd2 Nh6 14. h4 Nf7 15. hxg5 Nxg5 16. f4 Nf7 17. g4 d6 18. exd6 Nxd6 19. gxf5 exf5 20. Qh5+ Nf7 21. Be3 Qc7 22. Nd5 Qd6 23. Bc5 Qg6 24. Nc7+ Kf8 25. Qxg6 hxg6 26. Rxh8+ Nxh8 27. Nxa8 1-0

[Event "Warsaw Najdorf Memorial op-A"]
[Site "Warsaw"]
[Date "2024.07.17"]
[Round "9"]
[White "Kulpa, Zuzanna"]
[Black "Orzechowski, Jacek"]
[Result "0-1"]
[WhiteElo "1954"]
[BlackElo "2072"]
[PlyCount "146"]
[EventDate "2024.07.09"]
[EventType "swiss"]
[EventRounds "9"]
[EventCountry "POL"]
[SourceTitle "EXT 2025"]
[Source "ChessBase"]
[SourceDate "2024.10.14"]
[SourceVersion "1"]
[SourceVersionDate "2024.10.14"]
[SourceQuality "1"]

1. d4 d6 2. Nf3 Nf6 3. c4 g6 4. Nc3 Bg7 5. g3 0-0 6. Bg2 c5 7. 0-0 Nc6 8. h3 cxd4 9. Nxd4 Nxd4 10. Qxd4 Be6 11. Qh4 Rc8 12. Nd5 b5 13. e4 Rxc4 14. Ne3 Rc5 15. g4 Nd7 16. Kh1 g5 17. Qg3 Be5 18. Qf3 Bf4 19. Nf5 Ne5 20. Qd1 Ng6 21. b3 Bxc1 22. Rxc1 Nf4 23. Rxc5 dxc5 24. Qc2 Bxf5 25. gxf5 Qd3 26. Qxc5 Nxg2 27. Kxg2 Qxe4+ 28. f3 Qb7 29. Re1 Rc8 30. Rxe7 Rxc5 31. Rxb7 Rxf5 32. Rxa7 b4 33. Rb7 Rf4 34. Kg3 Kg7 35. Ra7 h5 36. Ra6 Rd4 37. Ra5 Kg6 38. Kg2 Rd2+ 39. Kg1 f6 40. Ra4 Kf5 41. Rxb4 Rxa2 42. Re4 Rc2 43. b4 Rb2 44. Rc4 Rd2 45. Re4 Rc2 46. Rd4 Ke5 47. Re4+ Kd5 48. b5 Rb2 49. Ra4 Ke5 50. h4 Kf5 51. b6 g4 52. fxg4+ hxg4 53. Kf1 Rxb6 54. Kg2 Rb2+ 55. Kg3 Rb3+ 56. Kg2 Rh3 57. Ra5+ Kg6 58. Ra6 Rf3 59. Ra8 f5 60. Rg8+ Kf7 61. Rg5 Kf6 62. Rg8 Rh3 63. Rf8+ Ke5 64. Rh8 Kf4 65. Rh5 Ra3 66. Rg5 Rb3 67. Rh5 Rb2+ 68. Kf1 Ke4 69. Rg5 Rh2 70. Rh5 f4 71. Kg1 g3 72. Rh8 Kf3 73. h5 Ra2 0-1

[Event "Warsaw Najdorf Memorial op-A"]
[Site "Warsaw"]
[Date "2024.07.12"]
[Round "4"]
[White "Jurasz, Antoni"]
[Black "Orzechowski, Jacek"]
[Result "0-1"]
[WhiteElo "1992"]
[BlackElo "2072"]
[PlyCount "60"]
[EventDate "2024.07.09"]
[EventType "swiss"]
[EventRounds "9"]
[EventCountry "POL"]
[SourceTitle "EXT 2025"]
[Source "ChessBase"]
[SourceDate "2024.10.14"]
[SourceVersion "1"]
[SourceVersionDate "2024.10.14"]
[SourceQuality "1"]

1. e4 e6 2. d4 d5 3. Nd2 c5 4. c3 cxd4 5. cxd4 dxe4 6. Nxe4 Bb4+ 7. Nc3 Nf6 8. Nf3 0-0 9. Bd3 Nc6 10. 0-0 Be7 11. b3 Nb4 12. Bb1 b6 13. Bb2 Bb7 14. a3 Nbd5 15. Ne2 Rc8 16. Qd3 Rc7 17. Bc2 Ba6 18. Qd2 Qd6 19. Rac1 Rfc8 20. Ne5 Bf8 21. Rfe1 Bb7 22. Bb1 Rxc1 23. Bxc1 Ne7 24. Nf4 Nc6 25. Nf3 Rd8 26. Rd1 g6 27. Ne2 Na5 28. Qe3 Ng4 29. Qd3 Bxf3 30. Qxf3 Qxh2+ 0-1

[Event "Katowice Silesia 100th Ann op"]
[Site "Katowice"]
[Date "2024.04.27"]
[Round "3"]
[White "Orzechowski, Jacek"]
[Black "Gierulski, Kamil"]
[Result "0-1"]
[WhiteElo "2062"]
[BlackElo "2243"]
[PlyCount "49"]
[EventDate "2024.04.27"]
[EventType "swiss (rapid)"]
[EventRounds "11"]
[EventCountry "POL"]
[SourceTitle "CBM 220 Extra"]
[Source "ChessBase"]
[SourceDate "2024.07.31"]
[SourceVersion "1"]
[SourceVersionDate "2024.07.31"]
[SourceQuality "1"]

1. c4 c5 2. Nc3 Nf6 3. Nf3 Nc6 4. e3 e5 5. d4 e4 6. d5 exf3 7. dxc6 dxc6 8. Qxd8+ Kxd8 9. gxf3 g6 10. h4 Bg7 11. Bd2 b6 12. Be2 Be6 13. 0-0-0 Kc7 14. f4 h5 15. f3 Ne8 16. Ne4 Rf8 17. Ng5 Bd7 18. Bd3 Nd6 19. Kc2 Rab8 20. Bc3 Bxc3 21. Kxc3 Bf5 22. e4 Bd7 23. Rd2 Rbd8 24. Rhd1 f6 25. Nh3 0-1

[Event "CZE-chT2F 2223"]
[Site "Czech Republic"]
[Date "2023.01.22"]
[Round "7"]
[White "Krajina, Ales"]
[Black "Orzechowski, Jacek"]
[Result "1/2-1/2"]
[WhiteElo "2178"]
[BlackElo "2125"]
[PlyCount "45"]
[EventDate "2022.10.16"]
[EventType "team-tourn"]
[EventRounds "11"]
[EventCountry "CZE"]
[SourceTitle "EXT 2024"]
[Source "ChessBase"]
[SourceDate "2023.10.10"]
[SourceVersion "1"]
[SourceVersionDate "2023.10.10"]
[SourceQuality "1"]
[WhiteTeam "Ostrava II"]
[BlackTeam "Dolni Benesov"]
[WhiteTeamCountry "CZE"]
[BlackTeamCountry "CZE"]

1. e4 Nc6 2. Nc3 Nf6 3. f4 d5 4. e5 d4 5. exf6 dxc3 6. bxc3 exf6 7. d4 Bd6 8. Bd3 0-0 9. Qh5 Re8+ 10. Ne2 f5 11. Qf3 Na5 12. Be3 Qe7 13. Kf2 Be6 14. Ng3 g6 15. Rhe1 c6 16. Kg1 b5 17. a4 a6 18. axb5 axb5 19. Re2 Bd5 20. Qf2 Nc4 21. Rae1 Qh4 22. Bc1 Rxe2 23. Nxe2 1/2-1/2

[Event "Titled Tuesday intern op 11th Jan"]
[Site "Chess.com INT"]
[Date "2022.01.11"]
[Round "3"]
[White "Orzechowski, Jacek"]
[Black "Rangel, Daniel"]
[Result "0-1"]
[WhiteElo "2128"]
[BlackElo "2207"]
[PlyCount "102"]
[EventDate "2022.01.11"]
[EventType "swiss (blitz)"]
[EventRounds "11"]
[EventCountry "USA"]
[SourceTitle "CBM 206 Extra"]
[Source "ChessBase"]
[SourceDate "2022.03.31"]
[SourceVersion "1"]
[SourceVersionDate "2022.03.31"]
[SourceQuality "1"]

1. c4 Nf6 2. Nc3 e6 3. e4 d5 4. exd5 exd5 5. d4 Be7 6. Nf3 0-0 7. Bd3 dxc4 8. Bxc4 Bg4 9. Be3 Nc6 10. 0-0 Rb8 11. d5 Ne5 12. Be2 Ng6 13. Bxa7 Ra8 14. Be3 Bb4 15. h3 Bf5 16. Nd4 Bd7 17. Bc4 Re8 18. Rc1 Rxe3 19. fxe3 Qe7 20. Qe1 Ne5 21. b3 Ne4 22. d6 Qf8 23. Nde2 Nxc4 24. bxc4 Qxd6 25. Nxe4 Bxe1 26. Nxd6 Bd2 27. Rxf7 Bxe3+ 28. Kh2 Be6 29. Re7 Bxc1 30. Nxc1 cxd6 31. Rxe6 Rd8 32. Nd3 d5 33. cxd5 Rxd5 34. Ne5 h6 35. Re8+ Kh7 36. Ng4 Ra5 37. Re7 Rb5 38. a4 Rb4 39. Rc7 Kg6 40. Ne5+ Kf5 41. Nf3 g5 42. Rf7+ Kg6 43. Rc7 h5 44. h4 gxh4 45. Ne5+ Kf5 46. Nd3 Rxa4 47. Rxb7 Ra2 48. Nc5 Kg4 49. Rg7+ Kf5 50. Nd7 Rd2 51. Nf8 Kf6 0-1

[Event "Titled Tuesday intern op 28th Dec"]
[Site "Chess.com INT"]
[Date "2021.12.28"]
[Round "3"]
[White "Orzechowski, Jacek"]
[Black "Goltsev, Dmitry"]
[Result "0-1"]
[WhiteElo "2119"]
[BlackElo "2215"]
[PlyCount "64"]
[EventDate "2021.12.28"]
[EventType "swiss (blitz)"]
[EventRounds "11"]
[EventCountry "USA"]
[SourceTitle "CBM 206 Extra"]
[Source "ChessBase"]
[SourceDate "2022.03.31"]
[SourceVersion "1"]
[SourceVersionDate "2022.03.31"]
[SourceQuality "1"]

1. c4 c6 2. e4 Nf6 3. Nc3 e5 4. Nf3 d6 5. d4 exd4 6. Qxd4 Nbd7 7. Bf4 Nc5 8. 0-0-0 Ne6 9. Qd2 Nxf4 10. Qxf4 Qc7 11. c5 Be6 12. cxd6 Qa5 13. Kb1 0-0-0 14. e5 Nd7 15. Bc4 Qb4 16. Rd4 c5 17. Re4 Qa5 18. Bxe6 fxe6 19. Ng5 Re8 20. Nf7 Rg8 21. Ra4 Qb6 22. Ra3 g5 23. Nxg5 Bg7 24. h4 Bxe5 25. Qc4 Rgf8 26. Rb3 Qc6 27. Nge4 Rf4 28. g3 Rf3 29. Nb5 Kb8 30. Rxf3 Nb6 31. Qb3 Qxe4+ 32. Ka1 Qc6 0-1

[Event "Titled Tuesday intern op 16th Nov"]
[Site "Chess.com INT"]
[Date "2021.11.16"]
[Round "8"]
[White "Buscar, Michael"]
[Black "Orzechowski, Jacek"]
[Result "1-0"]
[WhiteElo "2088"]
[BlackElo "2127"]
[PlyCount "77"]
[EventDate "2021.11.16"]
[EventType "swiss (blitz)"]
[EventRounds "11"]
[EventCountry "USA"]
[SourceTitle "CBM 205 Extra"]
[Source "ChessBase"]
[SourceDate "2022.01.31"]
[SourceVersion "1"]
[SourceVersionDate "2022.01.31"]
[SourceQuality "1"]

1. d4 Nf6 2. c4 c5 3. e3 g6 4. Nf3 Bg7 5. Nc3 0-0 6. Be2 cxd4 7. Nxd4 d5 8. 0-0 dxc4 9. Bxc4 a6 10. a4 Qc7 11. Be2 Rd8 12. Qb3 e5 13. Nf3 Nc6 14. Rd1 Be6 15. Qc2 Nb4 16. Qb1 Bb3 17. Rxd8+ Rxd8 18. Ra3 Bc2 19. Qa1 e4 20. Ne1 Bd3 21. Bd1 Nfd5 22. Bd2 Nxc3 23. Bxc3 Nd5 24. Nxd3 exd3 25. Bxg7 Kxg7 26. Rxd3 Nb4 27. b3+ Kg8 28. Rd4 Nc6 29. Rxd8+ Qxd8 30. Bf3 Qd2 31. Bxc6 bxc6 32. g3 Qc2 33. Qe5 Qxb3 34. Qe8+ Kg7 35. Qxc6 Qb1+ 36. Kg2 Qd3 37. h4 h5 38. e4 Qe2 39. Qd5 1-0

[Event "Titled Tuesday intern op 16th Nov"]
[Site "Chess.com INT"]
[Date "2021.11.16"]
[Round "10"]
[White "Krush, Irina"]
[Black "Orzechowski, Jacek"]
[Result "1-0"]
[WhiteElo "2421"]
[BlackElo "2127"]
[PlyCount "61"]
[EventDate "2021.11.16"]
[EventType "swiss (blitz)"]
[EventRounds "11"]
[EventCountry "USA"]
[SourceTitle "CBM 205 Extra"]
[Source "ChessBase"]
[SourceDate "2022.01.31"]
[SourceVersion "1"]
[SourceVersionDate "2022.01.31"]
[SourceQuality "1"]

1. e4 Nc6 2. Nf3 d6 3. d4 Nf6 4. Nc3 Bg4 5. Be2 e6 6. 0-0 Be7 7. d5 exd5 8. exd5 Nb8 9. Nd4 Bxe2 10. Qxe2 0-0 11. Nf5 Re8 12. Qf3 Nbd7 13. Bf4 Bf8 14. Rfe1 Ne5 15. Qh3 Ng6 16. Bg5 Rxe1+ 17. Rxe1 h6 18. Be3 Qd7 19. Bd4 Nf4 20. Nxh6+ gxh6 21. Qg3+ Bg7 22. Qxf4 Re8 23. Rxe8+ Qxe8 24. h3 Qe1+ 25. Kh2 Nh5 26. Qg4 Qd2 27. Bxg7 Nxg7 28. Ne4 Qxc2 29. Nf6+ Kf8 30. Qc8+ Ke7 31. Ng8# 1-0

[Event "Titled Tuesday intern op 16th Nov"]
[Site "Chess.com INT"]
[Date "2021.11.16"]
[Round "3"]
[White "Yeremyan, Alen"]
[Black "Orzechowski, Jacek"]
[Result "1-0"]
[WhiteElo "2260"]
[BlackElo "2127"]
[PlyCount "121"]
[EventDate "2021.11.16"]
[EventType "swiss (blitz)"]
[EventRounds "11"]
[EventCountry "USA"]
[SourceTitle "CBM 205 Extra"]
[Source "ChessBase"]
[SourceDate "2022.01.31"]
[SourceVersion "1"]
[SourceVersionDate "2022.01.31"]
[SourceQuality "1"]

1. e4 Nc6 2. Nc3 Nf6 3. f4 d5 4. e5 Nd7 5. Nf3 Nb6 6. Be2 Bf5 7. 0-0 e6 8. d4 Nb4 9. Ne1 c5 10. Be3 cxd4 11. Bxd4 Nc6 12. Bf2 Bb4 13. Nd3 Bxc3 14. bxc3 0-0 15. Rb1 Qc7 16. Bc5 Rfd8 17. Bd6 Qc8 18. Nc5 Na5 19. Nb3 Nbc4 20. Nxa5 Nxa5 21. Kh1 Nc4 22. Bxc4 Qxc4 23. Rxb7 Qxc3 24. Qh5 Bg6 25. Qg5 h6 26. Qe7 Re8 27. Qd7 Qxc2 28. a4 Qe2 29. Rg1 Red8 30. Qe7 Re8 31. Qd7 Red8 32. Qe7 Re8 33. Qh4 Be4 34. Be7 Rac8 35. Qg3 Rc2 36. Bf6 Bg6 37. Bh4 Rec8 38. Rb3 Rc1 39. h3 Be4 40. Bf6 Rxg1+ 41. Kxg1 Rc1+ 42. Kh2 Bg6 43. Rb8+ Kh7 44. f5 Qd1 45. fxg6+ fxg6 46. Qf2 Qh1+ 47. Kg3 Rc3+ 48. Kh4 g5+ 49. Bxg5 hxg5+ 50. Kxg5 Qc1+ 51. Kg4 Rc4+ 52. Kg3 Qg5+ 53. Kh2 Rf4 54. Qg3 Qxg3+ 55. Kxg3 Rxa4 56. Re8 Ra6 57. Re7 Kg6 58. Kf4 Ra5 59. Rxe6+ Kf7 60. Rd6 Ra4+ 61. Kf5 1-0

[Event "Titled Tuesday intern op 28th Sept"]
[Site "Chess.com INT"]
[Date "2021.09.28"]
[Round "2"]
[White "Atanasov, Anthony"]
[Black "Orzechowski, Jacek"]
[Result "1-0"]
[WhiteElo "2245"]
[BlackElo "2125"]
[PlyCount "105"]
[EventDate "2021.09.28"]
[EventType "swiss (blitz)"]
[EventRounds "11"]
[EventCountry "USA"]
[SourceTitle "CBM 204 Extra"]
[Source "ChessBase"]
[SourceDate "2021.11.30"]
[SourceVersion "1"]
[SourceVersionDate "2021.11.30"]
[SourceQuality "1"]

1. d4 Nf6 2. Bf4 c5 3. e3 cxd4 4. exd4 d5 5. Nf3 Nc6 6. Nbd2 Bg4 7. c3 e6 8. Qb3 Qc8 9. Bd3 Be7 10. h3 Bh5 11. 0-0 Bg6 12. Bxg6 hxg6 13. Rfe1 Qd7 14. Re2 Na5 15. Qd1 b5 16. Ne5 Qb7 17. Ndf3 Ne4 18. Nxf7 Kxf7 19. Ne5+ Ke8 20. Rxe4 dxe4 21. Qg4 Bf6 22. Nxg6 Kf7 23. Be5 Rh6 24. Nf4 Qd7 25. Re1 Bxe5 26. dxe5 Rd8 27. Nh5 Rg6 28. Qxe4 Qd3 29. Qh4 Rh8 30. g4 Nc4 31. b3 Nd2 32. Kh1 Qf3+ 33. Kg1 Ne4 34. Re3 Qd1+ 35. Kg2 Ng5 36. Qg3 Qd5+ 37. Kh2 Rd8 38. Nf4 Rh6 39. Nxd5 Rxd5 40. Qf4+ Kg6 41. c4 bxc4 42. bxc4 Rd1 43. Kg2 Rc1 44. c5 Rh8 45. Qd4 Rb8 46. Qd3+ Kf7 47. h4 Nh7 48. Qxh7 Rbb1 49. Rf3+ Ke8 50. Qg8+ Kd7 51. Qxg7+ Kc6 52. Rg3 Rg1+ 53. Kf3 1-0